000 00538nam a2200169Ia 4500
008 180921t2019 xxu||||| |||| 00| 0 sin d
041 _asin
080 _a8-31
_bඡිද්ආ
100 _aඡිද්ගේ, ආන්ද්‍රේ
245 _aනෙලූ මල් පරවුනා
260 _bකර්තෘ
_aතැ.නො.
_c2019
300 _aසෙ.මි.21, පි.146
700 _aප්‍රේමා පෙරේරා
_eපරි.
942 _cBK
999 _c11406
_d11406
003 LK-CoDNM
040 _aLK-CoDNM
_dLK-CoDNM
_eLK-CoDNM